000 00652nam a2200193Ia 4500
008 151121s9999||||xx |||||||||||||| ||und||
082 _a812/भट
082 _bHNW-16362
100 _aभट गो। के।
245 _aभास: तीन एकांकिका
260 _b"महाराष्ट्र प्रकाशन गृह, कोल्हापूर।"
260 _c--
300 _a88
600 _aभट गो। के।
630 _aभास: तीन एकांकिका
700 _aभट गो। के।
730 _aभास: तीन एकांकिका
942 _cBOOK
999 _c1219191
_d1219188